Assessment of the European Common Agricultural Policy and Landscape Changes: an Example from Slovenia

Vplyv spoločnej európskej poľnohospodárskej politiky na rozmanitosť poľnohospodárskej krajiny v Slovinsku. Rozmanitosť sa meria podľa Shannonovho indexu a Simpsonovho indexu, zatiaľ čo dopady sa odhadujú pomocou modelu priestorového oneskorenia.

Na minha lista:
Detalhes bibliográficos
Autor principal: Ogorevc, Marko
Outros Autores: Slabe-Erker, Renata
Formato: Capítulo de Livro
Idioma:inglês
Assuntos:
Tags: Adicionar Tag
Sem tags, seja o primeiro a adicionar uma tag!

MARC

LEADER 00000naa a2200000 4500
001 0250274
005 20221104110235.2
041 0 |a eng 
044 |a CZ 
245 1 0 |a Assessment of the European Common Agricultural Policy and Landscape Changes: an Example from Slovenia  |c Marko Ogorevc, Renata Slabe-Erker 
520 |a Vplyv spoločnej európskej poľnohospodárskej politiky na rozmanitosť poľnohospodárskej krajiny v Slovinsku. Rozmanitosť sa meria podľa Shannonovho indexu a Simpsonovho indexu, zatiaľ čo dopady sa odhadujú pomocou modelu priestorového oneskorenia. 
610 2 0 |a Slovinsko 
610 2 0 |a politika hospodárska 
610 2 0 |a poľnohospodárstvo 
610 2 0 |a politika európska susedská 
610 2 0 |a rozmanitosť kultúrna 
100 1 |a Ogorevc, Marko 
700 1 |a Slabe-Erker, Renata